The Usual Suspects Quiz Stats

 Plays Quiz Updated Feb 27, 2020

     
Support Sporcle.
Go Orange.
Score 0/5 Timer 02:00
0 Plays Today
Criminal % Correct
Roger 'Verbal' Kint
92.3%
Dean Keaton
59.6%
Fred Fenster
56.3%
Michael McManus
56%
Todd Hockney
38.9%

From the Vault

Magical Fruit Maze

by gazzso

Orange you glad we have so many cool quizzes for you today?
Remove Ads.
Support Sporcle.
Get the best of Sporcle when you Go Orange. This ad-free experience offers more features, more stats, and more fun while also helping to support Sporcle. Thank you for becoming a member.

Show Comments

Extras

Top Quizzes Today


Score Distribution

Your Account Isn't Verified!

In order to create a playlist on Sporcle, you need to verify the email address you used during registration. Go to your Sporcle Settings to finish the process.

Report this User

Report this user for behavior that violates our Community Guidelines.

Details: